Hokej - Najlepsze Kraje na IO w XXI wieku - Statystyki

Ogólne statystyki
  • Ten quiz został rozwiązany 56 razy
  • Średni wynik to 8 z 9
Statystyki odpowiedzi
🥇 🥈 🥉 Kraj % Poprawnych
8x 3x 1x Kanada
100%
3x 6x 1x Stany Zjednoczone
98%
1x 1x 6x Finlandia
96%
1x 2x 1x Szwecja
96%
1x 1x 1x Rosja
92%
- - 1x Czechy
90%
- 1x - Niemcy
90%
- - 1x Słowacja
81%
- - 2x Szwajcaria
81%
Nie znaleziono quizów pasujących do podanych kryteriów
Rozkład punktacji
Procent ludzi z każdym wynikiem
Percentyl według liczby udzielonych odpowiedzi
Twoja historia wyników
Nie rozwiązałeś tego quizu